|
|
|
|
| LEADER |
01512nam a2200385 4500 |
| 001 |
ocn961344734 |
| 003 |
OCoLC |
| 005 |
20180501122033.0 |
| 006 |
m o d |
| 007 |
cr |n||||||||| |
| 008 |
161028s2016 ne o 001 0 eng d |
| 040 |
|
|
|a IDEBK
|b eng
|e pn
|c IDEBK
|d OPELS
|d YDX
|d OCLCQ
|d OCLCF
|d UPM
|d OTZ
|d OCLCQ
|d D6H
|d GrThAP
|
| 019 |
|
|
|a 961828771
|a 964585658
|
| 020 |
|
|
|a 044463889X
|q (electronic bk.)
|
| 020 |
|
|
|a 9780444638892
|q (electronic bk.)
|
| 020 |
|
|
|a 9780444637185
|q (print)
|
| 020 |
|
|
|a 0444637184
|
| 035 |
|
|
|a (OCoLC)961344734
|z (OCoLC)961828771
|z (OCoLC)964585658
|
| 050 |
|
4 |
|a RM302.5
|
| 082 |
0 |
4 |
|a 615.7/042
|2 23
|
| 049 |
|
|
|a TEFA
|
| 245 |
0 |
0 |
|a Side effects of drugs annual.
|n 38 :
|b a worldwide yearly survey of new data and trends in adverse drug reactions/
|c edited by Sidhartha D. Ray.
|
| 260 |
|
|
|a Amsterdam, Netherlands :
|b Elsevier,
|c ©2016.
|
| 300 |
|
|
|a 1 online resource
|
| 336 |
|
|
|a text
|b txt
|2 rdacontent
|
| 337 |
|
|
|a computer
|b c
|2 rdamedia
|
| 338 |
|
|
|a online resource
|b cr
|2 rdacarrier
|
| 500 |
|
|
|a Includes indexes.
|
| 588 |
0 |
|
|a Print version record.
|
| 650 |
|
0 |
|a Drugs
|x Side effects.
|
| 650 |
|
7 |
|a Drugs
|x Side effects.
|2 fast
|0 (OCoLC)fst00898912
|
| 655 |
|
4 |
|a Electronic books.
|
| 700 |
1 |
|
|a Ray, Sidhartha D.
|
| 776 |
0 |
8 |
|i Print version:
|t Side effects of drugs annual.
|d Amsterdam, Netherlands : Elsevier, ©2016
|z 0444637184
|z 9780444637185
|w (OCoLC)952647370
|
| 856 |
4 |
0 |
|u https://www.sciencedirect.com/science/bookseries/03786080/38
|z Full Text via HEAL-Link
|